Tabela wszechczasów Ekstraklasy - Statystyki

Ogólne statystyki
  • Ten quiz został rozwiązany 67 razy
  • Średni wynik to 35 z 86
Statystyki odpowiedzi
Nr. Lata gry Liczba tytułów Liczba pkt. Najwyższa pozycja Poziom gry/status Klub piłkarski % Poprawnych
1. 1927-1936, 1948-obecnie 15 3541 pkt. 1 PKO Ekstraklasa Legia Warszawa
96%
5. 1948-1957, 1961-1963, 1972-2000, 2002-obecnie 8 2419 pkt. 1 PKO Ekstraklasa Lech Poznań
94%
2. 1927-1939, 1948-1964, 1965-1985, 1988-1994, 1996-2022 14 2927 pkt. 1 Fortuna I Liga Wisła Kraków
93%
9. 1948, 1975-1990, 1991-2004, 2006-2008, 2010-2014, 2022-obecnie 4 1449 pkt. 1 PKO Ekstraklasa Widzew Łódź
89%
4. 1927-1939, 1948-1987, 1988-1995, 1996-2003, 2007-2017, 2023-2024 13 2460 pkt. 1 PKO Ekstraklasa Ruch Chorzów
81%
3. 1956-1978, 1979-2009, 2010-2016, 2017-obecnie 14 2506 pkt. 1 PKO Ekstraklasa Górnik Zabrze
80%
27. 1974-1975, 1976-1982, 2005-2007, 2008-2011, 2016-2020 0 510 pkt. 7 Fortuna I Liga Arka Gdynia
76%
6. 1927-1938, 1948-1952, 1954-1968, 1971-2000, 2006-2009, 2011-2012, 2019-2020, 2023-2024 2 1809 pkt. 1 PKO Ekstraklasa ŁKS Łódź
76%
7. 1959-1960, 1962-1965, 1966-1979, 1981-1989, 1992-1996, 1997-2003, 2004-2007, 2012-obecnie 0 1732 pkt. 2 PKO Ekstraklasa Pogoń Szczecin
76%
8. 1964-1969, 1973-1993, 1995-1997, 2000-2002, 2008-obecnie 2 1654 pkt. 1 PKO Ekstraklasa Śląsk Wrocław
76%
11. 1928-1935, 1937-1939, 1948-1954, 1958-1959, 1961-1962, 1966-1967, 1969-1970, 1982-1984, 2004-2012, 2013-obecnie 4 1370 pkt. 1 PKO Ekstraklasa Cracovia
72%
65. 1995-1996 0 40 pkt. 16 rozwiązany w 1996 Lechia/Olimpia Gdańsk
72%
14. 1927-1932, 1934-1935, 1938-1939, 1948-1952, 1993-1994, 1996-2006, 2008-2013 1 966 pkt. 1 Fortuna I Liga Polonia Warszawa
72%
10. 1985-1988, 1989-2003, 2004-2008, 2009-2014, 2015-obecnie 2 1448 pkt. 1 PKO Ekstraklasa Zagłębie Lubin
70%
16. 1987-1990, 1992-1993, 2007-obecnie 1 885 pkt. 1 PKO Ekstraklasa Jagiellonia Białystok
69%
12. 1965-1971, 1978-1980, 1982-1999, 2000-2005 0 1030 pkt. 2 Fortuna I Liga GKS Katowice
67%
22. 1994-1995, 1997-1998, 1999-2001, 2002-2007, 2016-2023 0 620 pkt. 4 Fortuna I Liga Wisła Płock
67%
19. 2005-2008, 2009-2020, 2022-obecnie 0 696 pkt. 5 PKO Ekstraklasa Korona Kielce
63%
30. 1994-1998, 2019-obecnie 1 444 pkt. 1 PKO Ekstraklasa Raków Częstochowa
63%
15. 1955-1958, 1960-1986, 1989-1992, 2007-2008, 2018-2019 0 918 pkt. 2 II liga Zagłębie Sosnowiec
63%
20. 2008-2010, 2012-obecnie 1 675 pkt. 1 PKO Ekstraklasa Piast Gliwice
59%
18. 1961-1962, 1970-1983, 1985-1987, 1988-1996, 2020-obecnie 2 878 pkt. 1 PKO Ekstraklasa Stal Mielec
59%
23. 1927-1939, 1948-1950, 1993-1995, 2020-2024 2 590 pkt. 1 PKO Ekstraklasa Warta Poznań
59%
17. 1948-1949, 1951-1955, 1957-1976, 1977-1980, 1986-1987, 2007-2011 2 879 pkt. 1 II liga Polonia Bytom
57%
28. 1995-2006 0 498 pkt. 3 rozwiązany w 2007 Amica Wronki
56%
57. 1974-1977 0 86 pkt. 2 Fortuna I Liga GKS Tychy
56%
36. 2003-2007, 2014-2017, 2021-2022 0 276 pkt. 7 Fortuna I Liga Górnik Łęczna
56%
42. 1980-1982, 1983-1987, 1989-1992 0 220 pkt. 9 Fortuna I Liga Motor Lublin
56%
37. 1962-1972, 1975-1976 0 255 pkt. 7 Fortuna I Liga Stal Rzeszów
56%
32. 1961, 1964-1967, 1977-1978, 1979-1981, 1989-1994, 2013-2015 0 376 pkt. 4 III liga, grupa: II Zawisza Bydgoszcz
54%
33. 1929-1937, 1939, 1948, 1950-1951, 1955-1956 1 306 pkt. 1 III liga, grupa: IV Garbarnia Kraków
52%
62. 2018-2019, 2022-2023 0 63 pkt. 15 Fortuna I Liga Miedź Legnica
52%
26. 1953, 1956-1958, 1960-1966, 1967-1970, 1971-1974, 1976-1981 0 523 pkt. 3 Fortuna I Liga Odra Opole
52%
47. 1984-1985, 2021-obecnie 0 155 pkt. 7 PKO Ekstraklasa Radomiak Radom
52%
40. 2011-2016, 2020-2021 0 222 pkt. 10 Fortuna I Liga Podbeskidzie Bielsko-Biała
48%
34. 1927-1939 0 304 pkt. 2 rozwiązany w 1939 Pogoń Lwów
48%
13. 1949, 1952-1953, 1955-1963, 1984-1988, 2008-2023 0 1007 pkt. 3 Fortuna I Liga Lechia Gdańsk
46%
64. 2023-obecnie 0 40 pkt. 12 PKO Ekstraklasa Puszcza Niepołomice
46%
35. 1994-2002 0 296 pkt. 6 II liga Stomil Olsztyn
46%
38. 1990-1997 0 254 pkt. 3 II liga Hutnik Kraków
43%
71. 2017-2018 0 33 pkt. 16 II liga Sandecja Nowy Sącz
41%
46. 2015-2018, 2021-2022 0 156 pkt. 8 Fortuna I Liga Bruk-Bet Termalica Nieciecza
37%
29. 1995-1997, 1998-1999, 2005-2013, 2014-2015 0 486 pkt. 2 III liga, grupa: I GKS Bełchatów
35%
21. 1949-1950,1963-1972,1973-1984, 1987-1989, 1992-1993 1 645 pkt. 1 IV liga, grupa: śląska I Szombierki Bytom
35%
44. 1980-1986, 1987-1988 0 186 pkt. 6 IV liga, grupa: pomorska Bałtyk Gdynia
33%
31. 1997-1998, 1999-2008 0 441 pkt. 2 V liga Red Box, grupa: wielkopolska I Dyskobolia Grodzisk Wielkopolski
33%
48. 1983-1989 0 154 pkt. 6 Klasa okręgowa, grupa: Wałbrzych Górnik Wałbrzych
33%
24. 1953-1960, 1962-1966, 1967-1968, 1969-1975, 1978-1979, 1981-1983 0 539 pkt. 2 rozwiązany w 2018 Gwardia Warszawa
33%
45. 1968-1969, 1970-1971, 1972-1977 0 165 pkt. 7 IV liga, grupa: śląska II ROW Rybnik
33%
54. 1998-2001 0 109 pkt. 6 IV liga, grupa: śląska I Ruch Radzionków
33%
25. 1996-2010 0 529 pkt. 3 IV liga, grupa: śląska II Odra Wodzisław Śląski
31%
55. 1987-1988, 1991-1992, 1993-1995 0 103 pkt. 12 II liga Stal Stalowa Wola
31%
59. 1997-1998, 2001-2003 0 71 pkt. 13 III liga, grupa: IV KSZO Ostrowiec Świętokrzyski
30%
72. 2002-2003 0 32 pkt. 13 IV liga, grupa: śląska I Szczakowianka Jaworzno
26%
73. 2001-2002 0 31 pkt. 14 Betcris IV liga, grupa: łódzka RKS Radomsko
24%
52. 1993-1997 0 130 pkt. 9 V liga Red Box, grupa: wielkopolska I Sokół Pniewy
24%
49. 1968-1974 0 142 pkt. 3 Klasa A, grupa: Wałbrzych I Zagłębie Wałbrzych
24%
56. 1927-1929 0 88 pkt. 2 Klasa B, grupa: Katowice 1. FC Katowice
22%
78. 2003-2004 0 22 pkt. 13 III liga, grupa: I Świt Nowy Dwór Mazowiecki
22%
76. 2003-2004 0 23 pkt. 12 III liga, grupa: III Górnik Polkowice
20%
41. 1986-1993, 1994-1995 0 220 pkt. 5 rozwiązany w 2005 Olimpia Poznań
20%
60. 1992-1994, 1995-1996 0 65 pkt. 11 III liga, grupa: IV Siarka Tarnobrzeg
20%
80. 1988-1989 0 19 pkt. 14 II liga GKS Jastrzębie-Zdrój
19%
53. 1954-1956, 1958-1961 0 129 pkt. 5 IV liga, grupa: kujawsko-pomorska Polonia Bydgoszcz
19%
39. 1927-1939 0 227 pkt. 5 rozwiązany w 1975 Warszawianka
19%
61. 1951, 1962-1964 0 64 pkt. 6 Klasa okręgowa, grupa: zachodniopomorska II Arkonia Szczecin
17%
50. 1927-1933 0 141 pkt. 8 rozwiązany w 1939 Czarni Lwów
17%
69. 1990-1992 0 37 pkt. 12 IV liga, grupa: podkarpacka Igloopol Dębica
17%
58. 1927-1929 0 73 pkt. 6 połączony z Unionem Łódź w 1932 Klub Turystów Łódź
17%
67. 1927-1928 0 38 pkt. 11 rozwiązany w 1939 Hasmonea Lwów
15%
75. 1933-1934 0 27 pkt. 10 Klasa A, grupa: Kraków III Podgórze Kraków
15%
63. 1928, 1935-1936 0 45 pkt. 5 Klasa okręgowa, grupa: śląska IV (Katowice-Sosnowiec) Śląsk Świętochłowice
15%
86. 1939 0 3 pkt. - rozwiązany w 1939 Union-Touring Łódź
15%
68. 1952-1953 0 37 pkt. 2 Klasa B, grupa: Kraków II Wawel Kraków
15%
43. 1937-1939, 1948-1954 0 196 pkt. 2 Klasa A, grupa: Katowice AKS Chorzów
13%
51. 1950-1955, 1957, 1959 0 136 pkt. 2 Klasa okręgowa, grupa śląska III (Racibórz-Rybnik) Górnik Radlin
13%
83. 1938 0 11 pkt. 10 rozwiązany w 1939 Śmigły Wilno
13%
74. 1927-1928 0 30 pkt. 10 wchłonięty przez Pomorzanina Toruń w 1937 TKS Toruń
13%
85. 1931 0 11 pkt. 12 rozwiązany w 1939 Lechia Lwów
11%
77. 1948 0 22 pkt 11 V liga, grupa: małopolska (wschód) Tarnovia Tarnów
11%
81. 1936-1937 0 14 pkt. 8 wszedł w skład GKS-u Katowice w 1968 Dąb Katowice
9%
84. 1927 0 11 pkt. 14 rozwiązany w 1939 Jutrzenka Kraków
9%
66. 1963-1965 0 38 pkt. 8 Klasa okręgowa, grupa: śląska III (Racibórz-Rybnik) Unia Racibórz
9%
82. 1930 0 12 pkt. 12 rozwiązany w 1945 ŁTSG Łódź
7%
70. 1932-1934 0 36 pkt. 8 rozwiązany w 1937 22 Strzelec Siedlce
2%
79. 1948 0 19 pkt. 13 Klasa A, grupa: Rybnik Rymer Niedobrzyce (Rybnik)
0%
Nie znaleziono quizów pasujących do podanych kryteriów
Rozkład punktacji
Procent ludzi z każdym wynikiem
Percentyl według liczby udzielonych odpowiedzi
Twoja historia wyników
Nie rozwiązałeś tego quizu